[Event "AUT-chT2O 2122"]
[Site "Austria"]
[Date "2022.02.13"]
[Round "5.4"]
[White "Petran, Peter"]
[Black "Schweitzer, Werner"]
[Result "1-0"]
[WhiteElo "2231"]
[BlackElo "2090"]
[PlyCount "67"]
[EventDate "2021.10.16"]
[EventType "team-tourn"]
[EventRounds "11"]
[EventCountry "AUT"]
[SourceTitle "EXT 2023"]
[Source "ChessBase"]
[SourceDate "2022.10.05"]
[SourceVersion "1"]
[SourceVersionDate "2022.10.05"]
[SourceQuality "1"]
[WhiteTeam "Mattersburg"]
[BlackTeam "Poechlarn"]
[WhiteTeamCountry "AUT"]
[BlackTeamCountry "AUT"]

1. g3 d5 2. Nf3 c6 3. Bg2 Nf6 4. d3 Nbd7 5. Nbd2 e5 6. e4 Bd6 7. 0-0 0-0 8. Re1 Qc7 9. b3 a5 10. c3 Nc5 11. Qc2 Re8 12. Bb2 Bg4 13. h3 Bh5 14. a3 Bg6 15. Nh4 Ncd7 16. Nxg6 hxg6 17. Rac1 Rad8 18. b4 b5 19. Qb3 dxe4 20. Nxe4 Nxe4 21. Bxe4 a4 22. Qc2 Nf8 23. c4 bxc4 24. Qxc4 c5 25. bxc5 Be7 26. Qxa4 Bg5 27. Rc4 Ne6 28. Qc2 Rc8 29. c6 Qa5 30. Qc3 Qb6 31. h4 Bxh4 32. gxh4 Nf4 33. Bc1 Nh3+ 34. Kg2 1-0

[Event "AUT-chT2O 2122"]
[Site "Austria"]
[Date "2022.01.15"]
[Round "3.2"]
[White "Polsterer, Heinz"]
[Black "Schweitzer, Werner"]
[Result "1/2-1/2"]
[WhiteElo "2021"]
[BlackElo "2090"]
[PlyCount "132"]
[EventDate "2021.10.16"]
[EventType "team-tourn"]
[EventRounds "11"]
[EventCountry "AUT"]
[SourceTitle "EXT 2023"]
[Source "ChessBase"]
[SourceDate "2022.10.05"]
[SourceVersion "1"]
[SourceVersionDate "2022.10.05"]
[SourceQuality "1"]
[WhiteTeam "Krems Voest"]
[BlackTeam "Poechlarn"]
[WhiteTeamCountry "AUT"]
[BlackTeamCountry "AUT"]

1. e4 c6 2. d4 d5 3. f3 dxe4 4. fxe4 e5 5. Nf3 Be6 6. c3 Nd7 7. Bd3 Bd6 8. 0-0 Bg4 9. Kh1 Ngf6 10. Bg5 Qc7 11. Nbd2 0-0-0 12. Nc4 h6 13. Be3 Nb6 14. Nxd6+ Qxd6 15. a4 Rhe8 16. Qc2 exd4 17. cxd4 Nbd5 18. exd5 Rxe3 19. dxc6 Bxf3 20. cxb7+ Kb8 21. gxf3 Qd5 22. Rac1 Qxb7 23. Ba6 Qd7 24. Qd2 Re6 25. Qd3 Qxa4 26. Bc4 Re7 27. Ba6 Red7 28. Rc4 Qa5 29. Rfc1 Qxa6 30. Rb4+ Qb6 31. Rxb6+ axb6 32. Qb5 Nd5 33. Ra1 Kb7 34. Kg1 f6 35. Kf2 Kc7 36. Rc1+ Kb8 37. f4 Rd6 38. Kf3 Kb7 39. Rg1 R8d7 40. Ra1 Nc7 41. Qa4 Rxd4 42. Qa7+ Kc8 43. Qxb6 Rxf4+ 44. Kg3 Rd3+ 45. Kg2 Rd2+ 46. Kg1 Rg4+ 47. Kf1 Rc4 48. Qb3 Rcc2 49. Qh3+ Kb7 50. Qf3+ Kc8 51. Qf5+ Kb7 52. Qf3+ Kc8 53. h4 Rxb2 54. Rc1 Rf2+ 55. Qxf2 Rxf2+ 56. Kxf2 Kd7 57. Kg3 g6 58. Rb1 h5 59. Rb8 g5 60. Rh8 gxh4+ 61. Kxh4 Ke6 62. Kxh5 Nd5 63. Kg4 Ne7 64. Ra8 Ke5 65. Kf3 Nd5 66. Ra5 f5 1/2-1/2

[Event "AUT-chT2O 2122"]
[Site "Austria"]
[Date "2021.10.17"]
[Round "2.4"]
[White "Schweitzer, Werner"]
[Black "Juhasz, Agoston Botond"]
[Result "1-0"]
[WhiteElo "2090"]
[BlackElo "2380"]
[PlyCount "83"]
[EventDate "2021.10.16"]
[EventType "team-tourn"]
[EventRounds "11"]
[EventCountry "AUT"]
[SourceTitle "CBM 204 Extra"]
[Source "ChessBase"]
[SourceDate "2021.11.30"]
[SourceVersion "1"]
[SourceVersionDate "2021.11.30"]
[SourceQuality "1"]
[WhiteTeam "Poechlarn"]
[BlackTeam "Bad Voeslau"]
[WhiteTeamCountry "AUT"]
[BlackTeamCountry "AUT"]

1. e4 c5 2. Nc3 g6 3. f4 Bg7 4. Nf3 Nc6 5. Bb5 Nd4 6. Bd3 e6 7. 0-0 Ne7 8. Nxd4 cxd4 9. Ne2 0-0 10. b3 f5 11. e5 d6 12. exd6 Qxd6 13. a4 Rd8 14. Ba3 Qc7 15. Qe1 Nc6 16. Qh4 a6 17. Rae1 b5 18. axb5 axb5 19. Bc5 Ba6 20. b4 Qf7 21. Ra1 Bf6 22. Qg3 Rdb8 23. Ra3 Be7 24. Bxe7 Qxe7 25. c3 Ra7 26. Rfa1 Rba8 27. Qf2 e5 28. fxe5 Nxe5 29. Bc2 Bc8 30. Rxa7 Rxa7 31. Rxa7 Qxa7 32. Bb3+ Kf8 33. Nxd4 Qa6 34. Qe2 Ng4 35. h3 Nf6 36. Qxb5 Qd6 37. Qc4 Qd7 38. Qc5+ Kg7 39. Ne6+ Kh8 40. Qf8+ Ng8 41. Nd4 Qg7 42. Qxc8 1-0

[Event "AUT-chT2O 2021"]
[Site "Austria"]
[Date "2020.10.18"]
[Round "2.5"]
[White "Schweitzer, Werner"]
[Black "Pernerstorfer, Johannes"]
[Result "1-0"]
[WhiteElo "2100"]
[BlackElo "1966"]
[PlyCount "105"]
[EventDate "2020.10.17"]
[EventType "team-tourn"]
[EventRounds "11"]
[EventCountry "AUT"]
[SourceTitle "CBM 199 Extra"]
[Source "ChessBase"]
[SourceDate "2021.01.31"]
[SourceVersion "1"]
[SourceVersionDate "2021.01.31"]
[SourceQuality "1"]
[WhiteTeam "Poechlarn"]
[BlackTeam "Krems Voest"]
[WhiteTeamCountry "AUT"]
[BlackTeamCountry "AUT"]

1. e4 c5 2. Nc3 e6 3. f4 d5 4. d3 Nf6 5. Qe2 Nc6 6. Nf3 Be7 7. g3 0-0 8. Bg2 a6 9. 0-0 b5 10. a4 Nd4 11. Nxd4 cxd4 12. exd5 exd5 13. Nd1 b4 14. h3 Re8 15. Qf2 Bb7 16. b3 Rc8 17. Bb2 Bc5 18. Bxd4 Bxd4 19. Qxd4 Rxc2 20. Qxb4 Qd7 21. Rf2 Rc6 22. Nc3 Rce6 23. Qd4 Re3 24. Kh2 Qf5 25. Rf3 Qe6 26. Rc1 Rxf3 27. Bxf3 h5 28. Kg2 Bc8 29. Rh1 Qe3 30. Qxe3 Rxe3 31. Nxd5 Nxd5 32. Bxd5 Rxd3 33. Rc1 Rd2+ 34. Kf3 Bxh3 35. Bc4 Bg4+ 36. Ke4 g6 37. Bxa6 Bd1 38. Rc3 Bc2+ 39. Bd3 Bd1 40. Kd4 Rf2 41. a5 h4 42. gxh4 Rxf4+ 43. Ke3 Rxh4 44. a6 Rh3+ 45. Kd2 Bf3 46. Be2 Bxe2 47. Rxh3 Bxa6 48. b4 f6 49. Ra3 Bc4 50. Rc3 Bd5 51. Rc7 g5 52. b5 g4 53. b6 1-0

[Event "AUT-chT2O 1920"]
[Site "Austria"]
[Date "2019.10.19"]
[Round "1.6"]
[White "Schweitzer, Werner"]
[Black "Vrana, Frantisek"]
[Result "0-1"]
[WhiteElo "2035"]
[BlackElo "2254"]
[PlyCount "80"]
[EventDate "2019.10.19"]
[EventType "team-tourn"]
[EventRounds "11"]
[EventCountry "AUT"]
[SourceTitle "CBM 192 Extra"]
[Source "Chessbase"]
[SourceDate "2019.11.06"]
[SourceVersion "1"]
[SourceVersionDate "2019.11.06"]
[SourceQuality "1"]
[WhiteTeam "Poechlarn"]
[BlackTeam "Mistelbach/Altlichtenwarth"]
[WhiteTeamCountry "AUT"]
[BlackTeamCountry "AUT"]

1. e4 e6 2. d4 d5 3. Nd2 Nc6 4. Ngf3 Nf6 5. e5 Nd7 6. Nb3 a5 7. a4 Be7 8. Bb5 Ncb8 9. 0-0 b6 10. Be3 Ba6 11. c3 0-0 12. Qe2 c6 13. Bxa6 Nxa6 14. Qd2 c5 15. Bg5 cxd4 16. Bxe7 Qxe7 17. cxd4 Rfc8 18. Rfc1 Rc4 19. Qe1 Nb4 20. Qd1 Rac8 21. Rxc4 dxc4 22. Nbd2 c3 23. bxc3 Rxc3 24. Rc1 Nd5 25. Ne4 Qa3 26. Nxc3 Nxc3 27. Rxc3 Qxc3 28. g3 Qc4 29. Ng5 h6 30. Ne4 Nxe5 31. dxe5 Qxe4 32. Qd8+ Kh7 33. Qxb6 Qxa4 34. Qb1+ g6 35. f4 Qb4 36. Qd3 a4 37. Qd7 Kg7 38. Qd8 a3 39. Qf6+ Kg8 40. Qd8+ Kh7 0-1

[Event "Gibraltar Challengers-B"]
[Site "Caleta"]
[Date "2018.01.30"]
[Round "4"]
[White "Schweitzer, Werner"]
[Black "Dolzhikova, Olga"]
[Result "0-1"]
[WhiteElo "2060"]
[BlackElo "2187"]
[PlyCount "46"]
[EventDate "2018.01.27"]
[EventType "swiss"]
[EventRounds "5"]
[EventCountry "GGB"]
[SourceTitle "EXT 2019"]
[Source "ChessBase"]
[SourceDate "2018.10.10"]
[SourceVersion "1"]
[SourceVersionDate "2018.10.10"]
[SourceQuality "1"]

1. e4 c5 2. b3 Nf6 3. e5 Nd5 4. Bb2 Nc6 5. g3 d6 6. exd6 Qxd6 7. Bg2 Bf5 8. Ne2 Ndb4 9. Na3 Bxc2 10. Nxc2 Nd3+ 11. Kf1 Nxb2 12. Qb1 Nd3 13. Ne3 g6 14. Nc1 Nde5 15. Nc4 Qf6 16. Qb2 Bg7 17. Nxe5 Nxe5 18. Rb1 Rb8 19. Be4 0-0 20. Kg2 Qd6 21. d4 cxd4 22. Rd1 f5 23. Rxd4 Qb6 0-1

[Event "Gibraltar Challengers-B"]
[Site "Caleta"]
[Date "2018.01.27"]
[Round "1"]
[White "Livesey, R Nigel"]
[Black "Schweitzer, Werner"]
[Result "0-1"]
[WhiteElo "1750"]
[BlackElo "2060"]
[PlyCount "51"]
[EventDate "2018.01.27"]
[EventType "swiss"]
[EventRounds "5"]
[EventCountry "GGB"]
[SourceTitle "EXT 2019"]
[Source "ChessBase"]
[SourceDate "2018.10.10"]
[SourceVersion "1"]
[SourceVersionDate "2018.10.10"]
[SourceQuality "1"]

1. c4 c6 2. Nf3 d5 3. Qc2 Nf6 4. g3 g6 5. Bg2 Bg7 6. 0-0 0-0 7. d3 Na6 8. Bf4 dxc4 9. Qxc4 Be6 10. Qc2 Nd5 11. Be5 f6 12. Bc3 Nxc3 13. Nxc3 Bf7 14. a3 e5 15. b4 Nc7 16. Rac1 a5 17. Nd2 axb4 18. axb4 Ne6 19. Rb1 Nd4 20. Qc1 f5 21. e3 Nb5 22. Nxb5 cxb5 23. Nb3 Rc8 24. Qd2 b6 25. Rbc1 Bxb3 26. Rb1 0-1

[Event "Niederoesterreich Landesliga 1718"]
[Site "Austria"]
[Date "2017.12.10"]
[Round "6.4"]
[White "Schweitzer, Werner"]
[Black "Pernerstorfer, Johannes"]
[Result "1-0"]
[WhiteElo "2028"]
[BlackElo "2074"]
[PlyCount "66"]
[EventDate "2017.10.01"]
[EventType "team-tourn"]
[EventRounds "11"]
[EventCountry "AUT"]
[SourceTitle "EXT 2019"]
[Source "ChessBase"]
[SourceDate "2018.10.10"]
[SourceVersion "1"]
[SourceVersionDate "2018.10.10"]
[SourceQuality "1"]
[WhiteTeam "Poechlarn"]
[BlackTeam "Stockerau"]
[WhiteTeamCountry "AUT"]
[BlackTeamCountry "AUT"]

1. e4 c5 2. Nc3 Nc6 3. Bb5 e5 4. Nf3 d6 5. h3 Be6 6. d3 Nf6 7. Ng5 Be7 8. Nxe6 fxe6 9. 0-0 0-0 10. f4 exf4 11. Bxf4 Nd4 12. Ba4 d5 13. exd5 Nxd5 14. Nxd5 exd5 15. c3 Ne6 16. Be5 Rxf1+ 17. Qxf1 Qb6 18. Qe2 Rf8 19. Re1 Bh4 20. g3 Bf6 21. Kg2 c4 22. d4 Ng5 23. Bxf6 Qxf6 24. Bc2 Qc6 25. h4 Nf7 26. Qe7 Qc8 27. Rf1 g6 28. h5 gxh5 29. Bxh7+ Kg7 30. Bf5 Qd8 31. Qxb7 Kh6 32. Qc6+ Qd6 33. Bd7 Kg7 1-0

[Event "Niederoesterreich Landesliga 1718"]
[Site "Austria"]
[Date "2017.11.12"]
[Round "4.4"]
[White "Schweitzer, Werner"]
[Black "Danner, Lambert"]
[Result "1-0"]
[WhiteElo "2028"]
[BlackElo "2039"]
[PlyCount "59"]
[EventDate "2017.10.01"]
[EventType "team-tourn"]
[EventRounds "11"]
[EventCountry "AUT"]
[SourceTitle "EXT 2019"]
[Source "ChessBase"]
[SourceDate "2018.10.10"]
[SourceVersion "1"]
[SourceVersionDate "2018.10.10"]
[SourceQuality "1"]
[WhiteTeam "Poechlarn"]
[BlackTeam "Boehlerwerk"]
[WhiteTeamCountry "AUT"]
[BlackTeamCountry "AUT"]

1. e4 Nf6 2. Nc3 d6 3. d4 Nbd7 4. Be3 e5 5. Nf3 Be7 6. Bc4 0-0 7. h3 c6 8. 0-0 b5 9. Bd3 Qc7 10. Ne2 Re8 11. Ng3 Bf8 12. Rc1 Bb7 13. c4 Qa5 14. cxb5 cxb5 15. Qb3 exd4 16. Bd2 Qa4 17. Qxb5 Qxb5 18. Bxb5 Bxe4 19. Nxe4 Rxe4 20. Bc6 Rb8 21. Bxe4 Nxe4 22. b3 Ndc5 23. Ba5 Rb5 24. b4 Ne6 25. a4 Rd5 26. b5 N4c5 27. Rc4 g6 28. Rd1 d3 29. Bc3 Nf4 30. Rxf4 1-0

[Event "AUT-chT2O 1516"]
[Site "Austria"]
[Date "2016.02.21"]
[Round "6.4"]
[White "Batyte, Daiva"]
[Black "Schweitzer, Werner"]
[Result "1-0"]
[WhiteElo "2107"]
[BlackElo "2026"]
[PlyCount "157"]
[EventDate "2015.10.17"]
[EventType "team-tourn"]
[EventRounds "11"]
[EventCountry "AUT"]
[SourceTitle "EXT 2017"]
[Source "ChessBase"]
[SourceDate "2016.10.25"]
[SourceVersion "1"]
[SourceVersionDate "2016.10.25"]
[SourceQuality "1"]
[WhiteTeam "Stockerau"]
[BlackTeam "Poechlarn"]
[WhiteTeamCountry "AUT"]
[BlackTeamCountry "AUT"]

1. c4 Nf6 2. Nc3 g6 3. g3 Bg7 4. Bg2 0-0 5. d4 d6 6. e4 e5 7. Nge2 Nc6 8. d5 Ne7 9. 0-0 Nd7 10. Be3 a5 11. Qd2 f5 12. Bh6 Nc5 13. Bxg7 Kxg7 14. f4 Nd7 15. Rae1 Ng8 16. exf5 gxf5 17. fxe5 dxe5 18. a3 a4 19. Nc1 Qe7 20. Kh1 Ra6 21. Nd3 e4 22. Nb4 Rh6 23. Qd4+ Qe5 24. Qe3 Nb6 25. Nd3 Qe8 26. Qd4+ Nf6 27. Nf4 Bd7 28. c5 Nc8 29. Kg1 Kg8 30. Qc4 Kh8 31. Qd4 Kg8 32. Bf3 Qf7 33. Bd1 Ne7 34. Be2 Qg7 35. Qe5 Nh5 36. Qxg7+ Nxg7 37. Rd1 Ng6 38. Ng2 Ne5 39. Rd4 Ra8 40. Rb4 Ra5 41. Rxb7 Rxc5 42. Rb8+ Ne8 43. Ne3 Rb6 44. Rxb6 cxb6 45. Nxf5 Nf6 46. Nd6 Nxd5 47. Ndxe4 Nxc3 48. bxc3 Rc7 49. Nf6+ Kg7 50. Nxd7 Nxd7 51. Bb5 Ne5 52. Rc1 Nc4 53. Bxc4 Rxc4 54. Kf2 Kf6 55. Ke3 Ke5 56. Kd3 b5 57. Re1+ Kd6 58. Re4 Rc5 59. c4 bxc4+ 60. Rxc4 Rf5 61. Rxa4 Rf2 62. Rh4 Rf3+ 63. Ke4 Rxa3 64. Rxh7 Ke6 65. Rh6+ Kf7 66. Rd6 Ra2 67. h4 Rf2 68. g4 Kg7 69. h5 Rf1 70. Rg6+ Kh7 71. Ke5 Rf2 72. Rf6 Ra2 73. Kf5 Ra5+ 74. Kf4 Kg7 75. Rf5 Ra1 76. Kg5 Ra6 77. Re5 Ra7 78. h6+ Kh7 79. Kh5 1-0

[Event "Groningen op-A 53rd"]
[Site "Groningen"]
[Date "2015.12.21"]
[Round "1"]
[White "Schweitzer, Werner"]
[Black "Schoppen, Casper"]
[Result "0-1"]
[WhiteElo "2067"]
[BlackElo "2305"]
[PlyCount "90"]
[EventDate "2015.12.21"]
[EventType "swiss"]
[EventRounds "9"]
[EventCountry "NED"]
[SourceTitle "CBM 170 Extra"]
[Source "ChessBase"]
[SourceDate "2016.02.25"]
[SourceVersion "1"]
[SourceVersionDate "2016.02.25"]
[SourceQuality "1"]

1. g3 Nf6 2. Bg2 g6 3. d3 Bg7 4. Nf3 0-0 5. 0-0 d6 6. c4 e5 7. Nc3 Nc6 8. Bg5 h6 9. Bd2 Kh7 10. a3 a5 11. Rb1 Bg4 12. h3 Be6 13. e4 Nd4 14. Nd5 Nxf3+ 15. Qxf3 Nd7 16. Qe2 c6 17. Ne3 f5 18. exf5 gxf5 19. f4 exf4 20. Rxf4 Be5 21. Rh4 Rf6 22. Nf1 Rg6 23. d4 Bg7 24. Qd3 Qg8 25. Kh2 Rf8 26. b3 a4 27. Be1 axb3 28. Qxb3 Bxc4 29. Qc2 Ba6 30. Ne3 Qe6 31. Qd2 Nf6 32. d5 cxd5 33. Nxd5 Nxd5 34. Bxd5 Qd7 35. Rhb4 Re8 36. Bg2 Rge6 37. Rb6 Re2 38. Qb4 R8e4 39. Qa5 f4 40. Qd5 f3 41. Bf2 Bc4 42. Qxe4+ Rxe4 43. Bxf3 Re5 44. Rxb7 Qf5 45. Kg2 Bd5 0-1

[Event "Graz Casino op-A"]
[Site "Graz"]
[Date "2014.02.18"]
[Round "6"]
[White "Schweitzer, Werner"]
[Black "Perdomo Araujo, Angel Eduardo"]
[Result "0-1"]
[WhiteElo "2055"]
[BlackElo "2010"]
[PlyCount "68"]
[EventDate "2014.02.14"]
[EventType "swiss"]
[EventRounds "9"]
[EventCountry "AUT"]
[SourceTitle "CBM 158 Extra"]
[Source "ChessBase"]
[SourceDate "2014.02.28"]
[SourceVersion "1"]
[SourceVersionDate "2014.02.28"]
[SourceQuality "1"]

1. e4 e6 2. d4 d5 3. Nd2 Nf6 4. e5 Nfd7 5. Bd3 c5 6. c3 Nc6 7. Ngf3 cxd4 8. cxd4 f6 9. exf6 Qxf6 10. Nf1 h6 11. Ng3 Bb4+ 12. Bd2 Bxd2+ 13. Qxd2 0-0 14. 0-0 e5 15. dxe5 Ndxe5 16. Be2 Be6 17. b3 Rac8 18. Rac1 Rfd8 19. Nh5 Nxf3+ 20. Bxf3 Qd4 21. Qf4 Bf7 22. Rcd1 Qb2 23. Rd2 Qc3 24. Bg4 Rb8 25. Rfd1 Ne5 26. Be2 Rbc8 27. Rd4 Ng6 28. Qg4 Re8 29. h3 Re5 30. Ng3 Rg5 31. Qd7 Re8 32. Qxb7 Rxg3 33. fxg3 Rxe2 34. Qc8+ Qxc8 0-1

[Event "Styrian op-A"]
[Site "Bad Gleichenberg"]
[Date "2013.07.12"]
[Round "7"]
[White "Schweitzer, Werner"]
[Black "Dimitriadis, Michael"]
[Result "1/2-1/2"]
[WhiteElo "2049"]
[BlackElo "2113"]
[PlyCount "96"]
[EventDate "2013.07.06"]
[EventType "swiss"]
[EventRounds "9"]
[EventCountry "AUT"]
[SourceTitle "CBM 155 Extra"]
[Source "ChessBase"]
[SourceDate "2013.08.26"]
[SourceVersion "1"]
[SourceVersionDate "2013.08.26"]
[SourceQuality "1"]

1. e4 e5 2. Nf3 Nc6 3. Bc4 Bc5 4. c3 Nf6 5. d3 d6 6. h3 h6 7. Nbd2 0-0 8. Nf1 d5 9. exd5 Nxd5 10. Ng3 Nf6 11. 0-0 Re8 12. Qe2 a6 13. Bb3 Be6 14. Ne4 Nxe4 15. dxe4 Bxb3 16. axb3 Qe7 17. b4 Bb6 18. Be3 Bxe3 19. Qxe3 Rad8 20. Rad1 Qe6 21. Qe2 Ne7 22. Rxd8 Rxd8 23. Rd1 Rd6 24. Rxd6 Qxd6 25. Qd2 Qxd2 26. Nxd2 f6 27. Kf1 Kf7 28. Ke2 Ke6 29. Kd3 Ng6 30. g3 h5 31. h4 Ne7 32. Nf3 Kd6 33. Kc4 c6 34. Ne1 b6 35. Ng2 g5 36. f3 Ke6 37. Kd3 Ng6 38. Ke3 gxh4 39. Nxh4 Nxh4 40. gxh4 f5 41. Kd3 f4 42. Kc4 Kd6 43. b3 Ke6 44. Kd3 Ke7 45. c4 Kd6 46. Kc3 Kc7 47. Kb2 Kb7 48. Ka3 b5 1/2-1/2

[Event "AUT-ch"]
[Site "Zwettl"]
[Date "2012.07.24"]
[Round "4"]
[White "Schweitzer, Werner"]
[Black "Kreindl, Helmut"]
[Result "1/2-1/2"]
[WhiteElo "2045"]
[BlackElo "2205"]
[PlyCount "101"]
[EventDate "2012.07.21"]
[EventType "swiss"]
[EventRounds "9"]
[EventCountry "AUT"]
[SourceTitle "CBM 149 Extra"]
[Source "ChessBase"]
[SourceDate "2012.08.24"]
[SourceVersion "1"]
[SourceVersionDate "2012.08.24"]
[SourceQuality "1"]

1. e4 d5 2. exd5 Qxd5 3. Nc3 Qd6 4. d4 Nf6 5. Nf3 c6 6. Ne5 Nbd7 7. Nc4 Qc7 8. a4 g6 9. Qf3 Nb6 10. Ne5 Be6 11. Bf4 Qc8 12. a5 Nbd5 13. Nxd5 Nxd5 14. Bd2 f6 15. Nd3 Bg4 16. Qg3 Qe6+ 17. Be3 Bh6 18. Nc5 Nxe3 19. fxe3 Qxe3+ 20. Qxe3 Bxe3 21. c3 e5 22. h3 Bc8 23. Nb3 exd4 24. Nxd4 Bxd4 25. cxd4 Be6 26. Kd2 0-0-0 27. Kc3 Rd6 28. Bc4 Bxc4 29. Kxc4 Rhd8 30. Rhd1 Kc7 31. b4 Rd5 32. Rd3 Re8 33. g4 f5 34. Rf1 Re4 35. gxf5 gxf5 36. Rg1 Rd7 37. Rg5 Rf4 38. Rh5 b6 39. axb6+ axb6 40. Rh6 Rf7 41. Kc3 b5 42. Re3 Rd7 43. Rd3 Rf1 44. Kc2 f4 45. Rc3 Rxd4 46. Rcxc6+ Kd8 47. Rb6 Rf2+ 48. Kc3 Rfd2 49. Rxb5 R4d3+ 50. Kc4 Rd4+ 51. Kc3 1/2-1/2

[Event "AUT-ch"]
[Site "Zwettl"]
[Date "2012.07.22"]
[Round "2"]
[White "Schweitzer, Werner"]
[Black "Wagner, Stefan"]
[Result "1-0"]
[WhiteElo "2045"]
[BlackElo "2208"]
[PlyCount "43"]
[EventDate "2012.07.21"]
[EventType "swiss"]
[EventRounds "9"]
[EventCountry "AUT"]
[SourceTitle "CBM 149 Extra"]
[Source "ChessBase"]
[SourceDate "2012.08.24"]
[SourceVersion "1"]
[SourceVersionDate "2012.08.24"]
[SourceQuality "1"]

1. b3 Nf6 2. Bb2 g6 3. g3 Bg7 4. Bg2 0-0 5. Nf3 d6 6. 0-0 e5 7. d3 Nbd7 8. Nbd2 Nh5 9. e4 f5 10. exf5 e4 11. Nd4 Qe7 12. fxg6 hxg6 13. Bxe4 c5 14. Bxg6 Nf4 15. Nf5 Rxf5 16. Bxf5 Bxb2 17. Qg4+ Qg7 18. Qxg7+ Bxg7 19. gxf4 Bxa1 20. Rxa1 Nf6 21. Bxc8 Rxc8 22. Ne4 1-0

[Event "AUT-ch"]
[Site "Zwettl"]
[Date "2012.07.21"]
[Round "1"]
[White "Wertjanz, David"]
[Black "Schweitzer, Werner"]
[Result "1/2-1/2"]
[WhiteElo "2264"]
[BlackElo "2045"]
[PlyCount "83"]
[EventDate "2012.07.21"]
[EventType "swiss"]
[EventRounds "9"]
[EventCountry "AUT"]
[SourceTitle "CBM 149 Extra"]
[Source "ChessBase"]
[SourceDate "2012.08.24"]
[SourceVersion "1"]
[SourceVersionDate "2012.08.24"]
[SourceQuality "1"]

1. e4 c6 2. d4 d5 3. e5 Bf5 4. Nf3 e6 5. Be2 Ne7 6. 0-0 Nd7 7. Nh4 h6 8. Nxf5 Nxf5 9. b3 c5 10. c3 Qb6 11. Bd3 g6 12. Bxf5 gxf5 13. a4 cxd4 14. cxd4 Bb4 15. Ba3 Rc8 16. Bb2 Qa5 17. Na3 a6 18. Qd3 Nb8 19. Qg3 Nc6 20. Qg7 Rf8 21. Nc2 Be7 22. Rac1 Qd2 23. Rfd1 Qg5 24. Qxg5 Bxg5 25. Ne3 Be7 26. Rc3 Kd7 27. Rdc1 Na5 28. Rd3 Rg8 29. f4 Nc6 30. Kf2 Nb4 31. Rdc3 Rxc3 32. Rxc3 Rc8 33. Ke2 Rxc3 34. Bxc3 Nc6 35. Nc2 Bf8 36. b4 b5 37. axb5 axb5 38. Kd3 Be7 39. g3 Kc7 40. Ke2 Kd7 41. h3 h5 42. Kf3 1/2-1/2

[Event "Vienna Kavalier op 6th"]
[Site "Vienna"]
[Date "2011.10.27"]
[Round "4"]
[White "Kucharski, Michael"]
[Black "Schweitzer, Werner"]
[Result "0-1"]
[WhiteElo "1973"]
[BlackElo "2060"]
[PlyCount "90"]
[EventDate "2011.10.24"]
[EventType "swiss"]
[EventRounds "7"]
[EventCountry "AUT"]
[SourceTitle "EXT 2012"]
[Source "ChessBase"]
[SourceDate "2011.11.24"]
[SourceVersion "1"]
[SourceVersionDate "2011.11.24"]
[SourceQuality "1"]

1. d4 d5 2. Nf3 Nf6 3. e3 c6 4. c4 a6 5. Nc3 Bg4 6. h3 Bh5 7. cxd5 cxd5 8. Qb3 Ra7 9. Ne5 e6 10. Bd3 Bd6 11. f4 0-0 12. 0-0 Bg6 13. Nxg6 hxg6 14. Bd2 b5 15. a3 Nc6 16. Ne2 Qb6 17. Rac1 Raa8 18. Rc2 Rac8 19. Rfc1 Ne7 20. Rxc8 Rxc8 21. Rxc8+ Nxc8 22. Bb4 Qc6 23. Kf2 Bxb4 24. Qxb4 Nd6 25. Nc3 Nc4 26. a4 a5 27. Qxb5 Qxb5 28. axb5 Nxb2 29. b6 Nxd3+ 30. Ke2 Nb4 31. Na4 Nd7 32. b7 Nc6 33. Kd3 f5 34. Kc3 Kf7 35. Kb3 Ke7 36. Nc3 Nb6 37. Nb5 Kd7 38. g4 Nb8 39. gxf5 gxf5 40. Nc3 Kc7 41. Ne2 Kxb7 42. Ng3 N8d7 43. Nh5 g6 44. Ng7 Nf8 45. Ne8 Kc6 0-1